[Event "Orbis-2 IM 2019"]
[Site "Paracin"]
[Date "2019.07.15"]
[Round "4.3"]
[White "Munshi, Aditya"]
[Black "Zlatanovic, Boroljub"]
[Result "0-1"]
[WhiteElo "2125"]
[BlackElo "2371"]
[Annotator "TA"]
[PlyCount "154"]
[EventDate "2019.07.13"]
[EventType "tourn"]
[EventCountry "SRB"]
[SourceTitle "playchess.com"]
[Source "ChessBase"]
[SourceQuality "1"]

{[%evp 9,154,26,32,6,10,17,12,8,39,0,0,0,0,0,2,-30,-15,-98,-96,-86,-85,-98,-99,-93,-97,-125,-91,-91,-95,-94,-93,-93,-83,-99,-82,-87,-83,-100,-79,-79,-79,-86,-86,-90,-89,-89,-89,-89,-83,-83,-83,-83,-83,-83,-83,-83,-83,-83,-83,-83,-76,-76,-76,-68,-76,-76,-76,-76,-76,-83,-83,-83,-83,-83,-83,-83,0,-83,0,-83,-83,-83,-83,-83,-83,-83,-83,-83,-83,-83,-83,-83,-83,-83,-14,-91,-98,-136,-83,-102,-105,-136,-136,-160,-98,-98,0,-156,-91,-91,-91,-91,-74,-90,-88,-102,-35,-35,-39,-72,-33,-33,-28,-33,0,-341,-333,-320,-304,-473,-478,-478,-464,-489,-471,-559,-554,-456,-506,-532,-517,-29988,-29985,-29994,-29993,-29993,-29994]} 1. e4 g6 2. d4 c6 3. Nf3 Bg7 4. h3 d6 5. Bc4 Nf6 6. e5 {B06: Modern Defence} dxe5 7. Nxe5 O-O 8. O-O {The position is equal.} Nbd7 9. Re1 $146 ({Predecessor:} 9. Bb3 Nd5 10. Qe2 Nxe5 11. dxe5 Qc7 12. c4 Nb6 13. Bf4 a5 14. Nc3 Be6 15. c5 Nd5 16. Bxd5 cxd5 17. Qe3 a4 18. Qd4 Qc6 19. b4 axb3 20. axb3 Rac8 21. Na4 Qb5 22. b4 Qc4 {½-½ (22) Polivanov,A (2374)-Zajic,M (2488) Skopje 2018}) 9... Nxe5 10. dxe5 Qxd1 11. Rxd1 Ne4 12. f3 Nc5 13. Be3 (13. Re1 $11) 13... Na4 $1 $36 {[%cal Ra4b2][%mdl 2048] Black is in control.} 14. Bd4 c5 15. Bc3 Nxc3 16. Nxc3 Bxe5 17. Nd5 e6 ({Don't play} 17... Bxb2 18. Nxe7+ Kg7 19. Rab1 $15) 18. Ne7+ Kg7 19. Nxc8 Rfxc8 20. Rd7 Kf6 21. Rxb7 Rcb8 22. Rb3 Bxb2 23. Rd1 Bd4+ (23... Rb4 {is interesting.} 24. Be2 a5 25. Bb5 Bd4+ 26. Kf1 Rb8) 24. Kf1 Rxb3 25. cxb3 {[%mdl 4096] Endgame KRB-KRB} a5 26. a4 g5 27. g4 {[#]} h5 $1 {[%mdl 512]} 28. Kg2 (28. gxh5 Rh8) 28... Rh8 29. Rh1 Be5 30. Rd1 Ke7 31. Rd2 hxg4 32. fxg4 Bd4 33. Rd1 Rh6 34. Rf1 Be3 35. Re1 Bf4 36. Rd1 Bd6 37. Rf1 Be5 38. Re1 Kd6 39. Rd1+ Bd4 40. Rf1 Ke7 41. Re1 Rf6 42. Rf1 Rh6 43. Re1 $1 Rh8 (43... Rg6 $17) 44. Rf1 (44. Rd1 $11) 44... Rd8 45. Rd1 Rd6 46. Kf3 Rd7 47. Kg2 Rd8 48. Kf3 Rd6 49. Ke4 Kf6 50. Kf3 Kg6 51. Kg2 f5 (51... Rd8 $17) 52. Rf1 (52. Re1 $11) 52... Kf6 53. Rd1 Rd8 (53... f4 $142 $1 54. Kf3 Ke5) 54. Kf3 Rh8 55. Kg2 f4 56. Rh1 Be3 (56... e5 $142 {Threatens to win with ...e4.} 57. Kf3 e4+ $1 {[%mdl 576] Decoy} 58. Kxe4 Re8+ 59. Kd5 f3) 57. Rd1 Bd4 (57... Ke7 $142 58. Bb5 Bd4) 58. Rh1 $1 Ke5 ({Black should play} 58... e5 59. Kf3 {[#]} e4+ $1 {[%mdl 576] Decoy} 60. Kxe4 Re8+ 61. Kf3 Re3+ 62. Kg2 f3+ 63. Kg3 Rc3) 59. Re1+ Be3 60. Rd1 Ke4 {...f3+ is the strong threat.} 61. Bd3+ Kd4 62. Bc4+ Kc3 ({Black should try} 62... Ke5 $17) 63. Bxe6 $15 Bd2 64. Rf1 Re8 65. Bc4 Re4 66. Rf3+ Be3 67. Bd5 $2 {[%mdl 8192]} (67. h4 $11 {and White stays safe.}) 67... Rd4 $19 68. Be6 Rd2+ 69. Kf1 (69. Kh1 {only move.}) 69... Kd4 {aiming for ...Ke4.} 70. Bf5 Ke5 71. h4 gxh4 72. Rh3 Rf2+ 73. Ke1 f3 74. Bd7 Kf4 75. Rxh4 (75. Bc6 $19 Bd4 76. g5) 75... Re2+ {Black mates.} 76. Kf1 Rd2 {[%cal Rd2d1]} 77. g5+ Ke5 {Accuracy: White = 60%, Black = 62%.} 0-1

[Event "Orbis-2 IM 2019"]
[Site "Paracin"]
[Date "2019.07.15"]
[Round "4.4"]
[White "Liu, Zhaoqi"]
[Black "Patil, Mitali"]
[Result "1-0"]
[WhiteElo "2386"]
[BlackElo "2009"]
[Annotator "TA"]
[PlyCount "83"]
[EventDate "2019.07.13"]
[EventType "tourn"]
[EventCountry "SRB"]
[SourceTitle "playchess.com"]
[Source "ChessBase"]
[SourceQuality "1"]

{[%evp 17,83,26,31,32,33,4,33,12,50,37,41,37,39,24,44,8,14,0,10,12,15,0,0,0,36,33,33,44,46,38,32,36,76,10,31,31,37,6,32,0,7,-12,-8,-10,0,0,0,0,445,438,522,417,408,405,491,481,612,611,595,593,701,695,695,617,29991,5932,29992,29993]} 1. c4 e6 2. Nc3 d5 3. d4 Nf6 4. Bg5 Be7 5. cxd5 exd5 6. e3 c6 7. Bd3 Nbd7 8. Qc2 h6 9. Bh4 Nh5 10. Bxe7 {D36: Queen's Gambit Declined: Exchange Variation: Main line (5 Bg5 c6 6 Qc2)} Qxe7 11. O-O-O Nb6 12. h3 $146 {White is slightly better.} (12. Nf3 Nf6 13. Kb1 Be6 14. Ka1 O-O-O 15. Na4 Kb8 16. Rc1 Rhe8 17. Nc5 Bc8 {1-0 (50) Nepomniachtchi,I (2757)-Nisipeanu,L (2672) Dortmund 2018}) 12... Bd7 13. Nf3 O-O-O 14. Kb1 Kb8 15. Rc1 Rhe8 16. Ka1 Nf6 17. Ne5 Bc8 18. Na4 Nfd7 19. Nf3 Nxa4 20. Qxa4 c5 21. dxc5 Nxc5 22. Qf4+ Ka8 23. Qd4 Ne6 24. Qc3 Qd6 25. Nd4 (25. Rhd1 $16) 25... Nxd4 26. Qxd4 Qe5 27. Qb4 Bd7 28. Rc3 Bc6 29. Rhc1 d4 30. exd4 Qxd4 31. Qxd4 Rxd4 32. Bb5 Rd2 $2 {[%mdl 8192] [#]} (32... Re6 $11) 33. Rxc6 $18 Kb8 34. R6c3 Red8 35. Rf3 Rc2 {[%cal Rc2c1] [#]} 36. Kb1 Rcd2 37. Rxf7 a6 38. Ba4 Re2 39. Bd1 Red2 40. Bf3 Rxf2 41. Rxb7+ Ka8 42. Rd7+ {[%mdl 64] Discovered Attack. Accuracy: White = 45%, Black = 44%.} 1-0

[Event "Orbis-2 IM 2019"]
[Site "Paracin"]
[Date "2019.07.16"]
[Round "5.1"]
[White "Pikula, Dejan"]
[Black "Raghavi, N.."]
[Result "1-0"]
[WhiteElo "2447"]
[BlackElo "2290"]
[Annotator "ChessBase"]
[PlyCount "91"]
[EventDate "2019.07.13"]
[EventType "tourn"]
[EventCountry "SRB"]
[SourceTitle "playchess.com"]
[Source "ChessBase"]
[SourceQuality "1"]
[TimeControl "40/5400+30:1800+30"]

1. d4 {[%emt 0:00:00]} d5 {[%emt 0:00:24]} 2. Bf4 {[%emt 0:00:03]} Nf6 {[%emt 0:00:22]} 3. e3 {[%emt 0:00:14]} c5 {[%emt 0:00:30]} 4. c3 {[%emt 0:00:06]} Nc6 {[%emt 0:00:28]} 5. Nd2 {[%emt 0:00:05]} Bf5 {[%emt 0:01:03]} 6. Qb3 {[%emt 0:03:24]} Qc8 {[%emt 0:03:01]} 7. dxc5 {[%emt 0:02:52]} e5 {[%emt 0:17:47]} 8. Bg3 {[%emt 0:00:45]} Bxc5 {[%emt 0:06:22]} 9. Ngf3 {[%emt 0:01:04]} e4 {[%emt 0:13:15]} 10. Nd4 {[%emt 0:00:24]} Nxd4 {[%emt 0:03:42]} 11. cxd4 {[%emt 0:00:08]} Bb6 {[%emt 0:01:14]} 12. Bd6 {[%emt 0:03:44]} Qe6 {[%emt 0:09:10]} 13. Bb4 {[%emt 0:04:26]} a6 {[%emt 0:03:43]} 14. h3 {[%emt 0:02:41]} O-O-O {[%emt 0:04:40]} 15. Qa3 {[%emt 0:04:07]} Rd7 {[%emt 0:06:35]} 16. Nb3 {[%emt 0:00:40]} Rc7 {[%emt 0:01:09]} 17. Be2 {[%emt 0:00:49]} Rc6 {[%emt 0:02:40]} 18. Bc5 {[%emt 0:01:04]} Nd7 {[%emt 0:01:06]} 19. Rc1 {[%emt 0:01:59]} Kb8 {[%emt 0:01:36]} 20. Rc3 {[%emt 0:00:05]} Rhc8 {[%emt 0:01:53]} 21. Kd2 {[%emt 0:00:11]} Bc7 {[%emt 0:09:53]} 22. Rhc1 {[%emt 0:00:28]} Nxc5 {[%emt 0:01:29]} 23. Nxc5 {[%emt 0:01:11]} Qd6 {[%emt 0:00:46]} 24. b4 {[%emt 0:02:32]} Rb6 {[%emt 0:01:12]} 25. Qb3 {[%emt 0:01:41]} Qd8 {[%emt 0:03:06]} 26. a4 {[%emt 0:14:20]} Rd6 {[%emt 0:01:33]} 27. a5 {[%emt 0:00:56]} Rg6 {[%emt 0:02:11]} 28. g4 {[%emt 0:00:17]} Bd7 {[%emt 0:00:32]} 29. Qxd5 {[%emt 0:01:04]} Bc6 {[%emt 0:00:48]} 30. Qxd8 {[%emt 0:02:19]} Bxd8 {[%emt 0:00:12]} 31. Ke1 {[%emt 0:01:03]} Be7 {[%emt 0:01:22]} 32. Kf1 {[%emt 0:02:09]} Ka7 {[%emt 0:00:19]} 33. Bc4 {[%emt 0:03:44]} Rf8 {[%emt 0:01:10]} 34. d5 {[%emt 0:00:52]} Be8 {[%emt 0:00:12]} 35. Rb3 {[%emt 0:01:43]} f5 {[%emt 0:00:32]} 36. Ne6 {[%emt 0:02:13]} Rff6 {[%emt 0:01:13]} 37. b5 {[%emt 0:01:47]} axb5 {[%emt 0:00:32]} 38. Bxb5 {[%emt 0:00:02]} Bxb5+ {[%emt 0:00:37]} 39. Rxb5 {[%emt 0:00:06]} fxg4 {[%emt 0:00:18]} 40. hxg4 {[%emt 0:00:00]} Bd6 {[%emt 0:00:00]} 41. Rcb1 {[%emt 0:02:35]} Rf7 {[%emt 0:02:35]} 42. Nd8 {[%emt 0:01:25]} Rd7 {[%emt 0:00:08]} 43. Rxb7+ {[%emt 0:00:29]} Rxb7 {[%emt 0:00:15]} 44. Rxb7+ {[%emt 0:00:04]} Ka6 {[%emt 0:00:06]} 45. Rb6+ {[%emt 0:00:09]} Kxa5 {[%emt 0:00:09]} 46. Rxd6 {[%emt 0:00:05]} 1-0

[Event "Orbis-2 IM 2019"]
[Site "Paracin"]
[Date "2019.07.16"]
[Round "5.2"]
[White "Patil, Mitali"]
[Black "Manish Anto Cristiano F"]
[Result "0-1"]
[WhiteElo "2009"]
[BlackElo "2208"]
[Annotator "NA"]
[PlyCount "68"]
[EventDate "2019.07.13"]
[EventType "tourn"]
[EventCountry "SRB"]
[SourceTitle "playchess.com"]
[Source "ChessBase"]
[SourceQuality "1"]
[TimeControl "40/5400+30:1800+30"]

1. e4 {[%emt 0:00:00]} e6 {[%emt 0:00:00]} 2. d4 {[%emt 0:00:00]} d5 {[%emt 0:00:23]} 3. exd5 {[%emt 0:00:00]} exd5 {[%emt 0:00:40]} 4. c4 {[%emt 0:00:03]} Nf6 {[%emt 0:00:34]} 5. Nc3 {[%emt 0:00:02]} Bb4 {[%emt 0:00:18]} 6. Nf3 {[%emt 0:00:37]} O-O {[%emt 0:00:35]} 7. Bd3 {[%emt 0:01:33]} dxc4 {[%emt 0:06:23]} 8. Bxc4 {[%emt 0:00:04]} Bg4 {[%emt 0:00:19]} 9. Be3 {[%emt 0:03:39]} Nc6 {[%emt 0:00:16]} 10. O-O {[%emt 0:01:11]} Rb8 {[%emt 0:00:22]} 11. Be2 {[%emt 0:19:34]} Nd5 {[%emt 0:06:21]} 12. Qb3 {[%emt 0:09:10]} Be6 {[%emt 0:05:27]} 13. Qc2 {[%emt 0:00:50]} h6 {[%emt 0:03:37]} 14. Rad1 {[%emt 0:03:38]} Re8 {[%emt 0:03:12]} 15. a3 {[%emt 0:10:19]} Bd6 {[%emt 0:07:06]} 16. Rfe1 {[%emt 0:04:07]} Na5 {[%emt 0:04:07]} 17. Nd2 {[%emt 0:06:22]} Qh4 {[%emt 0:14:06]} 18. g3 {[%emt 0:03:05]} Nxe3 {[%emt 0:00:44]} 19. fxe3 {[%emt 0:00:40]} Bxg3 {[%emt 0:01:59]} 20. hxg3 {[%emt 0:01:48]} Qxg3+ {[%emt 0:01:16]} 21. Kh1 {[%emt 0:00:05]} Qh3+ {[%emt 0:00:13]} 22. Kg1 {[%emt 0:00:02]} Qxe3+ {[%emt 0:00:12]} 23. Kh1 {[%emt 0:01:15]} Qh3+ {[%emt 0:00:12]} 24. Kg1 {[%emt 0:00:03]} Qg3+ {[%emt 0:00:16]} 25. Kh1 {[%emt 0:00:12]} Qh4+ {[%emt 0:00:07]} 26. Kg1 {[%emt 0:02:30]} Bh3 {[%emt 0:05:20]} 27. Nce4 {[%emt 0:05:23]} f5 {[%emt 0:00:22]} 28. Bf3 {[%emt 0:04:06]} fxe4 {[%emt 0:00:14]} 29. Rxe4 {[%emt 0:07:54]} Rxe4 {[%emt 0:05:37]} 30. Bxe4 {[%emt 0:04:51]} Rf8 {[%emt 0:00:49]} 31. Nc4 {[%emt 0:05:10]} Nxc4 {[%emt 0:00:38]} 32. Qxc4+ {[%emt 0:00:02]} Kh8 {[%emt 0:00:22]} 33. Qd3 {[%emt 0:00:25]} Rf4 {[%emt 0:01:07]} 34. Bxb7 {[%emt 0:00:33]} Rg4+ {[%emt 0:00:09] Ra1} 0-1

[Event "Orbis-2 IM 2019"]
[Site "Paracin"]
[Date "2019.07.16"]
[Round "5.3"]
[White "Zlatanovic, Boroljub"]
[Black "Liu, Zhaoqi"]
[Result "0-1"]
[WhiteElo "2371"]
[BlackElo "2386"]
[Annotator "TA"]
[PlyCount "122"]
[EventDate "2019.07.13"]
[EventType "tourn"]
[EventCountry "SRB"]
[SourceTitle "playchess.com"]
[Source "ChessBase"]
[SourceQuality "1"]

{[%evp 19,121,23,31,30,22,11,25,12,21,0,18,10,10,10,12,-49,-41,-145,-125,-209,-212,-286,-251,-253,-253,-259,-241,-256,-246,-319,-322,-512,-415,-411,-414,-413,-424,-429,-412,-403,-398,-493,-492,-496,-447,-449,-379,-398,-360,-425,-123,-102,0,-186,0,-129,-47,-1734,-1406,-1337,-329,-314,-306,-443,-435,-378,-372,-564,-555,-1166,-651,-1104,-1016,-1005,-1000,-757,-462,-458,-415,-622,-411,-736,-747,-689,-674,-796,-733,-1361,-1332,-1807,-1766,-1643,-1703,-1451,-1505,-1747,-1613,-29987,-29988,-29989,-29990,-29991,-29992,-29999]} 1. e4 e6 2. d4 d5 3. exd5 exd5 4. Bd3 c5 5. Nf3 c4 6. Be2 Bd6 7. O-O Ne7 8. b3 cxb3 9. axb3 O-O 10. c4 Nbc6 11. Nc3 {B22: Sicilian: 2 c3} Bb4 (11... a6 12. Bg5 f6 13. Bh4 Be6 14. Bg3 Kh8 15. c5 Bxg3 16. hxg3 Bg4 17. Re1 Nf5 18. Ra2 Qd7 {1-0 (89) Onischuk,V (2628)-Ali Marandi,C (2476) Gjakova 2016}) 12. Bb2 Bg4 13. h3 {White has an edge.} Bh5 14. Ra4 $146 ({Predecessor:} 14. Rc1 Qd6 15. Nb5 Qf4 16. Ne5 Bxe2 17. Qxe2 a6 18. Nc7 Rad8 19. Nxc6 bxc6 20. Nxa6 {0-1 (41) Kulkarni,R (2290)-Debashis,D (2464) Kolkata 2012}) 14... a6 15. g4 Bg6 16. Ne5 dxc4 17. Nxc6 (17. Bxc4 Bxc3 18. Nxc6 Nxc6 $19) (17. bxc4 $11 a5 18. Nf3 (18. Nxg6 Nxg6 19. Nd5 Qd6 $11)) 17... Nxc6 $15 18. d5 (18. bxc4 $15 Qh4 19. Nd5) 18... b5 $17 19. Ra1 (19. Ra2 $17 Ne5 20. Nxb5) 19... Ne5 $19 20. Qd4 f6 21. bxc4 {[#]} Bd3 $1 {[%mdl 512]} 22. Qe3 (22. Bxd3 Nf3+) 22... Bxe2 ({Don't do} 22... Bxc4 23. Rfd1 $17) ({Inferior is} 22... Nxc4 23. Qxd3 Nxb2 24. Qd4 $15) (22... bxc4 23. Na2 $19) 23. Nxe2 Nxc4 24. Qb3 Bd6 25. Rfd1 (25. Nd4 $142 Bb8 26. Rfd1) 25... Nxb2 26. Qxb2 Be5 27. Qa2 Bxa1 28. Rxa1 Qd6 29. Nd4 g6 30. Ne6 Rfc8 31. Rd1 Rc4 32. Qb2 Kf7 33. Rd3 Qb4 34. Qa1 Qa4 $2 (34... Rac8 $19 {Strongly threatening ...Rc1+.} 35. Qxa6 Rc1+ 36. Kg2 Qe4+ 37. Rf3 Qxd5) 35. Qe1 $17 Qb4 ({Better is} 35... Re8 $17 {Hoping for ...b4.} 36. Qe3 Qc2) 36. Qe3 $2 (36. Qa1 $11) 36... g5 $2 {[#]} (36... Kg8 $19 37. d6 Re4) 37. Qb6 (37. Nxg5+ $1 $11 {[%mdl 512] remains equal.} Kg6 (37... fxg5 38. Qe6+) 38. d6) 37... Re8 ({But not} 37... Qb1+ $6 38. Kg2 $11) (37... Kg6 $17 38. Kg2 Rc1 39. Nxg5 Qe1) 38. Rf3 $2 {[%mdl 8192]} (38. Kg2 $15) 38... Qe1+ 39. Kg2 Rxe6 $2 (39... Rc1 {[%csl Gc1][%cal Re1g1]} 40. Qb7+ Re7 41. Nxg5+ Kg6 $1 {[%mdl 512]} 42. Rxf6+ Kxf6 43. Qxa6+ Kxg5 44. f4+ {[%mdl 64] Decoy} Kxf4 45. Qf6+ Ke4 46. Qxe7+ Kxd5 47. Qb7+ Kc4 48. Qf7+ Kb4 49. Qf8+ Kb3 50. Qf3+ Rc3 51. Qf7+ Kb2) 40. dxe6+ $19 Qxe6 {[%mdl 4096] Endgame KQR-KQR} 41. Qa7+ (41. Qd8 {might work better.}) 41... Kg6 42. Qa8 b4 43. Qb8 (43. Qf8 $142 Re4 44. Qd8) 43... a5 44. Re3 Qc6+ 45. Rf3 {intending Qg8+.} Kf7 {aiming for ...Rc3.} 46. Qa7+ Ke6 47. Qe3+ Qe4 48. Qb6+ Rc6 49. Qb7 (49. Qxa5 $142 Rc3 50. Qf5+ Qxf5 51. Rxf5) 49... Kd6 50. Kg3 (50. Qa8 $142 Kd7 51. Qb7+ Ke6 52. Qa8) 50... Qe5+ 51. Kg2 {[#]} Qd5 $1 52. Qb8+ Kc5 53. Qa7+ Kb5 {White must now prevent ...Rc3.} 54. Qb7+ Ka4 55. Kg3 Qd6+ 56. Kg2 Rc3 57. Rxc3 bxc3 58. Qxh7 Qc6+ {Black mates.} 59. Kh2 c2 60. Qd3 c1=Q 61. Qg3 Q6h1# {Accuracy: White = 31%, Black = 62%.} 0-1

[Event "Orbis-2 IM 2019"]
[Site "Paracin"]
[Date "2019.07.16"]
[Round "5.4"]
[White "Chen, Peng"]
[Black "Munshi, Aditya"]
[Result "1-0"]
[WhiteElo "2328"]
[BlackElo "2125"]
[Annotator "NA"]
[PlyCount "59"]
[EventDate "2019.07.13"]
[EventType "tourn"]
[EventCountry "SRB"]
[SourceTitle "playchess.com"]
[Source "ChessBase"]
[SourceQuality "1"]
[TimeControl "40/5400+30:1800+30"]

1. e4 {[%emt 0:00:00]} c6 {[%emt 0:00:00]} 2. Nf3 {[%emt 0:01:05]} d5 {[%emt 0:00:00]} 3. exd5 {[%emt 0:00:23]} cxd5 {[%emt 0:00:00]} 4. Ne5 {[%emt 0:00:06]} Nc6 {[%emt 0:09:21]} 5. d4 {[%emt 0:00:41]} Nf6 {[%emt 0:01:07]} 6. c3 {[%emt 0:01:10]} e6 {[%emt 0:04:00]} 7. Bd3 {[%emt 0:00:40]} Qc7 {[%emt 0:03:50]} 8. f4 {[%emt 0:00:50]} g6 {[%emt 0:10:12]} 9. O-O {[%emt 0:02:08]} Bg7 {[%emt 0:02:16]} 10. Nd2 {[%emt 0:01:48]} O-O {[%emt 0:04:04]} 11. Qe1 {[%emt 0:00:05]} Nd7 {[%emt 0:02:53]} 12. Ndf3 {[%emt 0:01:04]} Re8 {[%emt 0:03:08]} 13. Qh4 {[%emt 0:02:08]} Qd8 {[%emt 0:06:39]} 14. Ng5 {[%emt 0:02:22]} h6 {[%emt 0:02:11]} 15. Nexf7 {[%emt 0:02:46]} hxg5 {[%emt 0:01:08]} 16. fxg5 {[%emt 0:00:04]} Qe7 {[%emt 0:00:53]} 17. Bxg6 {[%emt 0:00:05]} Nf8 {[%emt 0:00:29]} 18. Nh6+ {[%emt 0:00:39]} Bxh6 {[%emt 0:00:14]} 19. Bf7+ {[%emt 0:03:43]} Qxf7 {[%emt 0:00:27]} 20. Rxf7 {[%emt 0:00:02]} Kxf7 {[%emt 0:00:14]} 21. gxh6 {[%emt 0:00:04]} Ng6 {[%emt 0:01:43]} 22. Qf2+ {[%emt 0:00:19]} Ke7 {[%emt 0:00:29]} 23. Bg5+ {[%emt 0:00:02]} Kd6 {[%emt 0:00:31]} 24. Qf7 {[%emt 0:00:09]} Bd7 {[%emt 0:00:27]} 25. Qxg6 {[%emt 0:00:06]} Ne7 {[%emt 0:00:16]} 26. Bxe7+ {[%emt 0:00:33]} Rxe7 {[%emt 0:00:05]} 27. Rf1 {[%emt 0:00:04]} Rh8 {[%emt 0:00:22]} 28. Rf7 {[%emt 0:00:10]} Rxf7 {[%emt 0:00:08]} 29. Qxf7 {[%emt 0:00:02]} Be8 {[%emt 0:00:11]} 30. Qg7 {[%emt 0:00:05]} 1-0

[Event "Orbis-2 IM 2019"]
[Site "Paracin"]
[Date "2019.07.16"]
[Round "5.5"]
[White "Dedebas, Emre Emin"]
[Black "Abramovic, Bosko"]
[Result "1/2-1/2"]
[WhiteElo "2301"]
[BlackElo "2373"]
[Annotator "ChessBase"]
[PlyCount "85"]
[EventDate "2019.07.13"]
[EventType "tourn"]
[EventCountry "SRB"]
[SourceTitle "playchess.com"]
[Source "ChessBase"]
[SourceQuality "1"]
[TimeControl "40/5400+30:1800+30"]

1. d4 {[%emt 0:00:00]} Nf6 {[%emt 0:00:00]} 2. c4 {[%emt 0:00:00]} e6 {[%emt 0:00:00]} 3. Nf3 {[%emt 0:00:00]} d5 {[%emt 0:00:00]} 4. Nc3 {[%emt 0:00:00]} Nbd7 {[%emt 0:00:25]} 5. Bf4 {[%emt 0:00:00]} dxc4 {[%emt 0:00:27]} 6. e3 {[%emt 0:00:16]} Nb6 {[%emt 0:00:17]} 7. Bxc4 {[%emt 0:00:14]} Nxc4 {[%emt 0:00:06]} 8. Qa4+ {[%emt 0:00:05]} c6 {[%emt 0:00:07]} 9. Qxc4 {[%emt 0:00:06]} Nd5 {[%emt 0:00:06]} 10. O-O {[%emt 0:10:22]} Nxf4 {[%emt 0:00:09]} 11. exf4 {[%emt 0:00:03]} Be7 {[%emt 0:00:14]} 12. Rad1 {[%emt 0:05:12]} O-O {[%emt 0:00:12]} 13. Ne5 {[%emt 0:01:22]} Qb6 {[%emt 0:01:29]} 14. Qe2 {[%emt 0:19:25]} Qc7 {[%emt 0:06:19]} 15. Rfe1 {[%emt 0:07:21]} f6 {[%emt 0:26:04]} 16. Nd3 {[%emt 0:04:06]} Bd6 {[%emt 0:00:19]} 17. Qf3 {[%emt 0:06:39]} Bd7 {[%emt 0:06:05]} 18. Nc5 {[%emt 0:04:55]} Rae8 {[%emt 0:00:32]} 19. Nxd7 {[%emt 0:04:10]} Qxd7 {[%emt 0:00:06]} 20. g3 {[%emt 0:00:42]} Be7 {[%emt 0:11:46]} 21. Qe2 {[%emt 0:08:08]} Bd8 {[%emt 0:01:06]} 22. Qc4 {[%emt 0:08:45]} b5 {[%emt 0:00:19]} 23. Qb3 {[%emt 0:02:36]} f5 {[%emt 0:01:56]} 24. a4 {[%emt 0:00:23]} a6 {[%emt 0:00:20]} 25. Re2 {[%emt 0:01:12]} g6 {[%emt 0:09:10]} 26. axb5 {[%emt 0:03:15]} axb5 {[%emt 0:00:06]} 27. Na2 {[%emt 0:01:29]} Ba5 {[%emt 0:03:23]} 28. Nc1 {[%emt 0:01:08]} Re7 {[%emt 0:26:57]} 29. Nd3 {[%emt 0:02:41]} Rd8 {[%emt 0:00:11]} 30. Ne5 {[%emt 0:01:40]} Qd6 {[%emt 0:00:12]} 31. Rc1 {[%emt 0:03:19]} Rc8 {[%emt 0:01:38]} 32. Rec2 {[%emt 0:03:59]} Rec7 {[%emt 0:00:10]} 33. Qf3 {[%emt 0:01:52]} Qxd4 {[%emt 0:01:35]} 34. Rxc6 {[%emt 0:00:10]} Qd5 {[%emt 0:01:16]} 35. Rxc7 {[%emt 0:01:21]} Rxc7 {[%emt 0:00:02]} 36. Rxc7 {[%emt 0:00:25]} Bxc7 {[%emt 0:00:01]} 37. Qxd5 {[%emt 0:00:35]} exd5 {[%emt 0:00:07]} 38. Kf1 {[%emt 0:00:03]} Kf8 {[%emt 0:00:28]} 39. Ke2 {[%emt 0:00:43]} Ke7 {[%emt 0:00:20]} 40. Kd3 {[%emt 0:00:00]} Bb6 {[%emt 0:00:00]} 41. Nc6+ {[%emt 0:02:56]} Kd6 {[%emt 0:03:04]} 42. Nd4 {[%emt 0:01:57]} b4 {[%emt 0:25:14] Nb} 43. Nb5+ {Ke5} 1/2-1/2

[Event "Orbis-2 IM 2019"]
[Site "Paracin"]
[Date "2019.07.17"]
[Round "6.1"]
[White "Raghavi, N.."]
[Black "Abramovic, Bosko"]
[Result "0-1"]
[WhiteElo "2290"]
[BlackElo "2373"]
[Annotator "TA"]
[PlyCount "74"]
[EventDate "2019.07.13"]
[EventType "tourn"]
[EventCountry "SRB"]
[SourceTitle "playchess.com"]
[Source "ChessBase"]
[SourceQuality "1"]

{[%evp 18,100,8,0,0,-16,-10,-14,-10,-46,-14,-79,-31,-25,-21,-27,0,0,0,-4,0,-59,-37,-51,-6,-59,0,-17,20,-11,0,-22,-44,-20,-26,-18,0,0,0,0,51,-203,-219,-240,-132,-367,-367,-367,-366,-366,-359,-349,-353,-354,-345,-433,-403,-402,-402,-652,-639,-1337,-1337,-1327,-1337,-1327,-1327,-1284,-1245,-1222,-1142,-29964,-29966,-29968,-29970,-29969,-29961,-29974,-29974,-29966,-29951,-29987,-29988,-29988,-29989]} 1. e4 c5 2. Nf3 Nc6 3. d4 cxd4 4. Nxd4 e6 5. g3 d6 6. Bg2 Bd7 7. Ne2 Nf6 8. O-O Be7 9. Nbc3 a6 10. a4 O-O {B80: Sicilian Scheveningen: 6 g3 and 6 Be3, including English Attack} 11. Kh1 (11. h3 Qc7 12. Be3 Rab8 13. g4 Bc8 14. g5 Nd7 15. f4 b5 16. axb5 axb5 17. Qd3 Nc5 18. Bxc5 dxc5 19. Nxb5 c4 20. Qxc4 {½-½ (58) Ponkratov,P (2604)-Belous,V (2557) Khanty-Mansiysk 2015}) 11... Qc7 12. f4 Rac8 $146 {The position is equal.} ({Predecessor:} 12... Rfe8 13. Bf3 Bf8 14. g4 g6 15. Ng3 Re7 16. g5 Ne8 17. f5 gxf5 18. exf5 f6 19. fxe6 Bxe6 {1-0 (42) Sosnowska,E (2130)-Slabek,A (2165) Poland 1991}) 13. Bf3 Nb4 14. Nd4 (14. Be3 $11) 14... e5 15. Nf5 Bxf5 16. exf5 d5 {With the idea ...e4.} 17. fxe5 Qxe5 18. Re1 Qc7 19. Re2 ({Wrong is} 19. Bxd5 $2 Rcd8 $19) ({Much worse is} 19. Nxd5 Nfxd5 20. c3 (20. Bxd5 Nxc2 21. Bf4 Qd8 $17) 20... Rfd8 $17) (19. Be3 $11) 19... Rfd8 20. Bf4 Bd6 21. Bxd6 (21. Bg5 $11) 21... Rxd6 22. Qd4 Qa5 (22... Nc6 {is interesting.} 23. Qf4 d4 24. Rd1 Rcd8 25. Ne4 Nxe4 26. Rxe4 Qd7) 23. Rd1 Rdd8 24. Qh4 h6 25. g4 {Threatening g5.} d4 $36 {[%mdl 2048] Black is pushing.} 26. Ne4 d3 27. Nxf6+ {[%mdl 64] Discovered Attack} gxf6 28. cxd3 Rxd3 (28... Qxa4 $11 29. Re4 Qb3 {[%mdl 64] Double Attack}) 29. Rxd3 $4 {[%mdl 8192]} (29. Rde1 $1 $14 {is the one way to stay ahead.} Rxf3 30. g5 $1 {[%mdl 512]} Rf1+ 31. Rxf1 hxg5 32. Qd4 Qd5+ 33. Qxd5 Nxd5 34. Rd1) 29... Nxd3 $19 30. Qxh6 {[#]} Qb4 (30... Qc7 $1 $19 31. a5 Qc1+ 32. Qxc1 Rxc1+ 33. Kg2 Nf4+ {[%mdl 64] Double Attack} 34. Kf2 Nxe2 35. Kxe2 Rc2+ 36. Kd3 Rxb2) 31. Qd2 $2 (31. Be4 $17 Nf2+ 32. Rxf2 Qxe4+ 33. Kg1) 31... Rc1+ 32. Kg2 Nf4+ {[%mdl 64] Double Attack} 33. Kf2 {[#]} Qc5+ $1 34. Qe3 {Black must now prevent Qxc5.} Nxe2 35. Qxc5 Rxc5 36. Bxe2 {[%mdl 4096] Endgame KR-KB} Rc2 37. b4 Rb2 {Played: Rc2-a2} 0-1